| 000 | 00376nam a22001457a 4500 | ||
|---|---|---|---|
| 020 | _a9780071219006 | ||
| 040 | _cnust | ||
| 082 |
_29th edition _a621.381 _bGRO |
||
| 100 |
_aGrob Bernard _919461 |
||
| 110 |
_aSchultz. E Mitchel _9122599 |
||
| 245 | _aBasic Electronics | ||
| 260 |
_aNew York: _bMcGraw- Hill, _c2003. |
||
| 650 |
_aBasic Electronics _956078 |
||
| 942 |
_2ddc _cBK |
||
| 999 |
_c609057 _d609057 |
||